000 00313nam a22001337a 4500
008 170210b xxu||||| |||| 00| 0 eng d
020 _a9781418033118
041 _aeng
080 _a61
100 _a4
101 _aSHM
245 _aINTRAVENOUS INFUSION THERAPY MEDICAL ASSISTANTS
_cJOSEPHSON
942 _2udc
_cBK
999 _c5188
_d5188